Регионална библиотека "Любен Каравелов" - Русе

Стихотворения (Запис номер 525852)

MARC детайли
000 -Лидер
Лидер 01886nim a2200277 a 4500
003 - Код на организацията, давaща контролен номер
Код на организацията, даваща контролен номер BLK
005 - Дата и час на последна редакция
Дата и час на последна редакция 20250128100344.0
007 - Фиксирано поле за физическо описани
Физическо описание sd bmmalaaahaa
008 - Елементи от данни с фиксирана дължина
Елементи с фиксирана дължина 250128b bu |||||s|||| 00| | bu d
028 ## - PUBLISHER NUMBER
Издателски номер ВАА 12187
040 ## - Източник на каталожния запис
Код на библиотеката BLK
041 ## - Код за език
Език на записа Български
Език за КДБФ Български
080 ## - УДК
УДК текст Българска литература
УДК код 821.163.2
УДК – определител (086.7)-1
УДК – код + определител 821.163.2(086.7)-1
100 1# - Редна дума - Автор
R(LIN) 108007
Автор Пенев, Пеньо
Години, свързани с автора 1930-1959
Биография на автора Поет. Журналист.
Пълна форма на името Митев, Пеньо Пенев
245 ## - Сведения за заглавието
Заглавие Стихотворения
Авторска отговорност Пеньо Пенев; изп. Пеньо Пенев и Георги Гайтаников
260 ## - Област на издателските данни
Място на издаване София
9 (RLIN) 210374
Име на издателя Балкантон
Година на издаване 1988
300 ## - Физическа характеристика
Брой страници 1 грамофонна плоча
Илюстрации 33 об/мин; моно
Размер 30 см
380 ## - Жанр
Жанр Худож. лит.
500 ## - Общи забележки
Обща забележка Из "Дни на проверка", Детските дни отлетяха, Елегия ("Живот, живот..." ), Поръчение, След залеза, Елегия ("Денят се ражда..."), Лястовички, Пътеката е извървяна, Поколение "Когато се наливаха основите" /изп. авторът, док. записи от 1958 г.<br/>Аз, един от народа, Строителна пролет, За комунизма, Завръщане, Ако някой ви каже..., Светлини, Димитровград, Колко кипнала мъка, Пътеки белеят, По-добре не го раждай!..., Ние от двадесетия век, Някъде далече по небето /изп. Георги Гайтаников
650 #0 - Допълнително описание по предмет – тема
9 (RLIN) 243326
Предметна рубрика Поезия, българска
700 ## - Други автори (авторска отговорност)
9 (RLIN) 497063
Друг автор Гайтаников, Георги Николов
852 ## - Местоположение
Сигнатура (форматна) Ф ІІ 7159
Отдел Хранилище
856 ## - Електронен адрес и достъп
Инструкция (цена за достъп) 0.00
Права за достъп disable
942 ## - АРТИКУЛИ
Вид на библиотечния документ Грамофонни плочи
Скрит в OPAC Не
944 ## - СЪЗДАВАНЕ И РЕДАКЦИЯ на ЗАПИСА
Дата на регистрацията/редакция Геновева Генчева
Служител, извършил регистрацията/редакцията 30560
Създаване/Редакция
Статус, дата на статуса Геновева Генчева
999 ## - СИСТЕМНИ КОНТРОЛНИ НОМЕРА
Koha biblionumber 525852
Koha biblioitemnumber 525852
Наличности
Код за отписване Код за изгубен артикул Източник на класификационната схема Код за повреда Коз за рестрикции Код за отдаване Артикулен № Име на библиотеката - собственик Име на библиотеката, в която се намира в момента Статус (Текущо местоположение) Дата на вписване в системата Местоположение - отдел Цена в лева Инвентарен номер Систематично азбучна сигнатура Баркод Цена в евро Служебен тип на артикула
  Не е изгубен Universal Decimal Classification Не е повреден само за читалня ползва се в читалня 959364 Регионална библиотека "Любен Каравелов" Русе Регионална библиотека "Любен Каравелов" Русе Хранилище 2025-01-28 Хранилище 2.30 17179 Ф ІІ 7159 900000112889 1.18 Грамофонни плочи
Vip Innovations Ltd, Rousse, Bulgaria 2025